| 000 | 01374 a2200241 4500 | ||
|---|---|---|---|
| 003 | UA-OsUOA | ||
| 005 | 20260624104343.0 | ||
| 008 | 260624b un ||||| |||| 00| 0 ukr d | ||
| 020 | _a9660225539 | ||
| 040 |
_bukr _cUA-OsUOA |
||
| 041 | _aukr | ||
| 080 | _a930.2 | ||
| 090 |
_a930.2 _bС41 |
||
| 110 |
_aНаціональна академія наук України _bІнститут історії України _bВідділ спеціальних історичних дисциплін _925666 |
||
| 245 |
_aСпеціальні історичні дисципліни: питання теорії та методики _bу двох частинах : збірка наукових праць _cвідп. ред. М. Ф. Дмитрієнко _nЧ. 1 _nЧисло 8–9 |
||
| 260 |
_aК. _bІІУНАНУ _c2002 |
||
| 300 | _a434 с. | ||
| 650 |
_a930.2 Методологія історії. Допоміжні історичні дисципліни В тому числі: Дослідження, що базуються на письмових джерелах, записах, написах. Археографія _92259 |
||
| 700 | 1 |
_aДмитрієнко М. Ф. _eред. _925615 |
|
| 942 |
_cBK _2udc |
||
| 955 | _a1 | ||
| 999 |
_c580939 _d580939 |
||